Löcse Kir. kath. főgimnázium

Zobrazenie: Pohľad na budovu gymnázia

Bibliographic Details
Format: Postcard
Language:Hungarian
PhysicalDescription:1 pohľadnica kolorovaná 9 x 14 cm
Published: Löcse Braun Fülöp [medzi 1905 a 1950?]
Subjects:

MARC

LEADER 00000ckm a2200000 a 4500
001 vtls011773513
003 SK-MaSNL
005 20260512125256.0
007 kp co
008 230718q1905 xo g 0k|hun
015 |a SNBG 
035 |a urn:nbn:sk:snk-km00dmot 
035 |a urn:nbn:sk:snk-km3m0ke 
035 |a 39A78671-1B9A-4434-9F36-CD5CCDC3372C 
040 |a SNK  |b slo  |c SNK  |e AACR2 
041 0 |a hun 
043 |a e-xo--- 
044 |a xo  |c SK 
072 7 |a 913  |x Regionálna geografia  |2 konspekt 
080 |a 913(437.6)  |2 2011 
080 |a (084.121)  |2 2011 
080 |a 373.5  |2 2011 
245 0 0 |a Löcse  |h grafika  |b Kir. kath. főgimnázium 
260 |a Löcse  |b Braun Fülöp  |c [medzi 1905 a 1950?] 
300 |a 1 pohľadnica  |b kolorovaná  |c 9 x 14 cm 
520 8 |a Zobrazenie: Pohľad na budovu gymnázia 
650 0 7 |a gymnáziá  |2 SNKPH  |9 16386 
651 7 |a Levoča (Slovensko)  |2 SNKPHgeo  |9 26696 
655 7 |a miestne pohľadnice  |2 SNKPH  |9 70510 
852 |a Slovenská národná knižnica 
954 |a pohľadnice pôvodné (slovenské)  |2 lita 
954 |a pohľadnice cudzojazyčné (svetové)  |2 lita 
958 |a OND 
958 |a GBN 
958 |a GC 
958 |a EUIPO 
999 |c 1028570  |d 1030500 
952 |a SNK  |b SNK  |y PREZ  |7 0  |p 17A1243195  |o snkSP 89546  |0 0  |1 0  |4 0  |d 2018-08-20  |f 1  |l 0  |r 2026-02-24 13:46:27  |w 2026-02-24